000 00445nam a2200157Ia 4500
008 140529s9999 xx 000 0 und d
020 _a9789719456914
050 _aPL 5539.M53
_b.M299 2009
100 _aMalvar, Carlos.
245 _aCrash :
_bthe not quite unreal sequel /
_cby Carlos Malvar
260 _aPasay City, Philippines :
_bVisprint,
_cc2009.
300 _a195 p. ;
_c18 cm.
521 _aGE
942 _kLOC
_cBK
999 _c117818
_d117818